El pequeño topo que quería saber quién se había hecho aquello en su cabeza / (Registro nro. 2295)

Detalles MARC
000 -CABECERA
Longitud fija campo de control 01148nam a2200301 a 4500
003 - • IDENTIFICADOR DELl NÚMERO DE CONTROL
Identificador del número de control CO-ViMGA
008 - • CÓDIGOS DE INFORMACIÓN DE LONGITUD FIJA
Códigos de información de longitud fija 141112s2004 ck r 000 u spa d
020 ## - • NÚMERO INTERNACIONAL NORMALIZADO PARA LIBROS
Número Internacional Normalizado para Libros (ISBN) 9789587583090
040 ## - FUENTE DE LA CATALOGACIÓN
Centro catalogador de origen CO-ViMGA
Lengua de catalogación spa
Centro transcriptor CO-ViMGA
041 ## - • CÓDIGO DE LENGUA
Código de lengua del texto/banda sonora o título independiente SPA
100 1# - • PUNTO DE ACCESO PRINCIPAL-NOMBRE DE PERSONA
Nombre de persona Holzwarth, Werner
245 10 - • TITULO PROPIAMENTE DICHO
Título El pequeño topo que quería saber quién se había hecho aquello en su cabeza /
Mención de responsabilidad, etc. Werner Holzwarth ; ilustrado por Wolf Erlbruch ; traducción de Miguel Azaola ; adaptación de la traducción Yolanda Reyes
250 ## - • MENCIÓN DE EDICIÓN
Mención de edición 1a ed.
300 ## - • DESCRIPCIÓN FÍSICA
Extensión 30 p. : il. : il.
490 ## - • MENCIÓN DE SERIE
Mención de serie Nidos para la lectura : yo no leo alguien me lee
500 ## - • NOTA GENERAL
Nota general Título original : Vom kleinen maulwurf, der wissen wollte, wer ihm auf den kopf gemacht hat
650 14 - • PUNTO DE ACCESO ADICIONAL DE MATERIA - TÉRMINO DE MATERIA
Término de materia o nombre geográfico como elemento inicial ANIMALES - CUENTO
650 14 - • PUNTO DE ACCESO ADICIONAL DE MATERIA - TÉRMINO DE MATERIA
Término de materia o nombre geográfico como elemento inicial AUTORES ALEMANES
650 14 - • PUNTO DE ACCESO ADICIONAL DE MATERIA - TÉRMINO DE MATERIA
Término de materia o nombre geográfico como elemento inicial CUENTOS ALEMANES
650 14 - • PUNTO DE ACCESO ADICIONAL DE MATERIA - TÉRMINO DE MATERIA
Término de materia o nombre geográfico como elemento inicial LEER ES MI CUENTO - COLECCION 2011
650 14 - • PUNTO DE ACCESO ADICIONAL DE MATERIA - TÉRMINO DE MATERIA
Término de materia o nombre geográfico como elemento inicial LITERATURA INFANTIL
700 1# - • PUNTO DE ACCESO ADICIONAL - NOMBRE DE PERSONA
Nombre de persona Erlbruch, Wolf, 1848 -
700 1# - • PUNTO DE ACCESO ADICIONAL - NOMBRE DE PERSONA
Nombre de persona Reyes, Yolanda, 1959 - Azaola, Miguel
942 ## - ENTRADA DE ELEMENTOS AGREGADOS (KOHA)
Fuente de clasificaión o esquema Dewey Decimal Classification
Koha [por defecto] tipo de item LIbro
Existencias
Perdido Fuente de clasificación o esquema Estado Físico No para préstamo Forma de adquisición Localización permanente Localización actual Localización en estanterías Fecha adquisición Préstamos totales Signatura completa Código de barras Fecha última consulta Número de copia Fecha del precio de reemplazo Tipo de item de Koha Serie de enumeración / cronolog&íacute;a Renovaciones totales Fecha último préstamo Note pública
  Dewey Decimal Classification     Infantil Biblioteca Pública Dorado Biblioteca Pública Dorado Sala Infantil 10/27/2023   C HOL3 DOR03127 10/27/2023 Ej.1 10/27/2023 LIbro        
  Dewey Decimal Classification       Biblioteca Pública Fuentedeoro - Henry Llanos García Biblioteca Pública Fuentedeoro - Henry Llanos García Sala Infantil 04/11/2025   C HOL3 Fo00002338 04/11/2025 Ej.1 04/11/2025 Libro Infantil        
  Dewey Decimal Classification     Infantil Biblioteca Pública José Eustasio Rivera - San Martin Biblioteca Pública José Eustasio Rivera - San Martin Sala Infantil 02/03/2026     SM02512 02/03/2026 Ej.1 02/03/2026 LIbro        
        Colección Sala Infantil de Literatura Pocatil y Tilín Biblioteca Pública Departamental Eduardo Carranza - Villavicencio Biblioteca Pública Departamental Eduardo Carranza - Villavicencio Sala Infantil 06/07/2012   C HOL3 ECA21137 11/26/2024 Ej.1 11/26/2024 LIbro       15600 | 20330
  Dewey Decimal Classification     Sala Infantil Segundo Piso Biblioteca Pública Germán Arciniegas - Villavicencio Biblioteca Pública Germán Arciniegas - Villavicencio   12/04/2015 4 C HOL3 25155 05/21/2019 Ej. 1 12/04/2015 LIbro 27/jun/2012 1 05/09/2019  
  Dewey Decimal Classification     Sala Infantil Segundo Piso Biblioteca Pública Germán Arciniegas - Villavicencio Biblioteca Pública Germán Arciniegas - Villavicencio   12/04/2015 4 C HOL3 025155 05/22/2019 Ej. 1 12/04/2015 LIbro 27/jun/2012   05/22/2019  
  Dewey Decimal Classification     Infantil Biblioteca Pública Guamal Biblioteca Pública Guamal Sala Infantil 02/13/2023   C HOL GUA001098 02/13/2023 Ej.1 02/13/2023 Libro Infantil        
  Dewey Decimal Classification     Infantil Biblioteca Pública Mesetas - Franco lodo Poloxi Biblioteca Pública Mesetas - Franco lodo Poloxi Sala Infantil 07/31/2025   C HOL ME01664 03/31/2025 Ej.1 03/31/2025 LIbro        
  Dewey Decimal Classification       Biblioteca Pública San Juan de Arama - Concepción de Arama Biblioteca Pública San Juan de Arama - Concepción de Arama Sala Infantil 03/06/2026   C HOL3 SJA01410 03/06/2026 Ej.1 03/06/2026 LIbro        
  Dewey Decimal Classification     Infantil Biblioteca Pública San Juanito - Ernesto Maria Peña Romero Biblioteca Pública San Juanito - Ernesto Maria Peña Romero Sala Infantil 05/06/2025   C HOL3 SJU01465 05/06/2025 Ej.1 05/06/2025 LIbro        









Instituto Departamental de Cultura del Meta - Red Departamental de Bibliotecas Públicas del Meta.